000
00273nam a2200097Ia 4500
001
654001
005
20250826154509.0
008
250824s9999 xx 000 0 und d
245
0
_a
PONYFEE VE GÖKKUŞAĞININ SONUNA YOLCULUK
_c
BARBARA ZOSCHKE
260
_b
MARTI ÇOCUK YAYINLARI
999
_c
654001
_d
654001